000 00624nam a2200229Ia 4500
008 160901s9999 xx 000 0 und d
020 _a0-12-311633-3
050 _aComSc TK 5105.59
050 _b.H37 2005
100 _aHarrington, Jan L.
245 _aNetwork security :
245 _ba practical approach /
245 _cJan L. Harrington.
260 _aNew York :
260 _bMorgan Kaufmann Pub.,
260 _c2005
300 _a365 pages :
300 _bill. ;
300 _c24 cm.
500 _aIncludes bibliographical references and index.
650 _aComputer networks -- Security measures.
999 _c300894
_d300894